Mastering global business : the complete MBA companion in global business

Other Authors: Bickerstaffe,, Dickson,
Published: London: Financial Times Management, 1999.
Subjects:
LEADER 00708cam a2200181 7i4500
001 0000017788
005 20140604090000.0
020 # 0 |a 0273637061  
090 0 0 |a HD 62.4   |b M423 
245 0 0 |a Mastering global business :   |b the complete MBA companion in global business   |c Tim Dickson(executive editor), George Bickerstaffe(editor). 
260 # # |a London:   |b Financial Times Management,   |c 1999. 
300 # # |a 367p.:   |b ill.;   |c 25cm.. 
504 0 0 |a Includes bibliographical references and index 
590 # # |a Pusat Pengajian Perniagaan dan Pengurusan Maritim 
650 0 0 |a International business enterprises  
700 1 1 |a Bickerstaffe,   |h George  
700 1 1 |a Dickson,   |h Tim  
999 |a 1100002896  |b Book  |c Open Shelf  |e KOLEKSI TERBUKA